| 000 | 00512nam a22001577a 4500 | ||
|---|---|---|---|
| 999 |
_c2361 _d2361 |
||
| 008 | 200226b ||||| |||| 00| 0 eng d | ||
| 082 | 0 | 0 |
_a621.436 _bM727 |
| 100 |
_9219 _aMolloy, E. |
||
| 245 | 1 | 0 |
_aDiesel engine manual: intended for erectors, installation and plant engineer, and all interested in the practical aspect of diesel engine operation _cby E. Molloy |
| 250 | _a2nd ed. | ||
| 260 |
_aLondon _bGeorge Newnes Ltd _c1953 |
||
| 300 | _a224 p. | ||
| 365 | _d13.02 | ||
| 650 | 0 | _aDiesel Motors | |
| 942 | _cBK | ||